00517nam a22001937a 450000500170000001000130001702000100003003500130004003700160005304000120006908200150008124500890009626000330018527000200021830000250023865000140026365000180027770000280029520170124105940.0 aA-446882 c00.00 aA-446882 bCen Lib/Ret aDPLbEN a230.2bDEV aDevi mahatmyam :ctranslated by Swami Jagadishwarananda b700 mantras on sri durga / aMadras bSri Ramkrishna Math bMadras e600004 axix, 170p.c17cm(Hb) aHinduism  aDevi mahatma  aJagadiswarananda, Swami